书目信息 |
| 题名: |
马克思主义哲学原理自学指南
|
|
| 作者: | 任玉岭 主编 | |
| 分册: | ||
| 出版信息: | 北京 北京大学出版社 1992 |
|
| 页数: | 331页 | |
| 开本: | 20cm | |
| 丛书名: | ||
| 单 册: | ||
| 中图分类: | A811.63 | |
| 科图分类: | ||
| 主题词: | 马列著作研究--马克思主义哲学--自学参考资料 | |
| 电子资源: | ||
| ISBN: | 7-301-01036-2 | |
| 000 | 00650nam0 2200205 450 | |
| 001 | 0740621443 | |
| 005 | 20070725084120.98 | |
| 010 | @a7-301-01036-2@dCNY3.90 | |
| 100 | @a20070721d1992 km y0chiy0120 ea | |
| 101 | 0 | @achi |
| 102 | @aCN@b110000 | |
| 200 | 1 | @a马克思主义哲学原理自学指南@Ama ke si zhu yi zhe xue yuan li zi xue zhi nan@f任玉岭等主编@Fren yu ling deng zhu bian |
| 205 | @a第二次修订版 | |
| 210 | @a北京@c北京大学出版社@d1992 | |
| 215 | @a331页@d20cm | |
| 606 | 0 | @a马列著作研究@x马克思主义哲学@x自学参考资料 |
| 690 | @aA811.63@v3 | |
| 701 | 0 | @a任玉岭@Aren yu ling@4主编 |
| 801 | 0 | @aCN@bPFT@c20070725 |
| 905 | @a10447@dA811.63@e227=2 | |
| 马克思主义哲学原理自学指南/任玉岭等主编.-第二次修订版.-北京:北京大学出版社,1992 |
| 331页;20cm |
| ISBN 7-301-01036-2:CNY3.90 |
| ● |
| 相关链接 |
|
|
|
|
正题名:马克思主义哲学原理自学指南
索取号:A811.63/227=2
 
预约/预借
| 序号 | 登录号 | 条形码 | 馆藏地/架位号 | 状态 | 备注 |
| 1 | 0766291 | 207662910 | 第一样本阅览室/ [索取号:A811.63/227=2] | 在馆 |